Companies Based in Seattle - Statistics

General Stats
  • This quiz has been taken 156 times
  • The average score is 8 of 19
Answer Stats
Current Company % Correct
Online Retailer Amazon
99%
Coffee Chain Starbucks
90%
Aerospace Boeing
84%
Technology Corporation Microsoft
83%
Warehouse Store Costco
54%
Online Trivia JetPunk
53%
Airlines Alaska Airlines
49%
Shipping and Delivery UPS
49%
Mobile Telecommunications T-Mobile US
43%
Online Travel Agency Expedia
30%
Video Game Company Nintendo of America
27%
Real Estate Information Zillow
24%
Stock Photography Getty Images
21%
Fashion Retail Nordstrom
20%
The 'Other' Website Orcspel
19%
Lumber Weyerhaeuser
19%
Athletic Apparel Brooks Sports
14%
Truck Manufacturers Paccar
9%
Logistics Expeditors International
4%
No matching quizzes found
Score Distribution
Percent of People with Each Score
Percentile by Number Answered
Your Score History
You have not taken this quiz